000
00333cam a2200145ua 4500
041
_a
hin
_h
082
_a
891.54
_b
YAT/NE
100
_a
Yadharan, .
245
_a
Neemaranpatha /
_c
Yadhadharan.
_h
Textual Documents
260
_a
Delhi :
_b
Rajpat ,
_c
1961.
300
_a
206 ; .
504
_a
942
_c
BK
999
_c
12320
_d
12320